| 000 | 00958nam a2200289Ia 4500 | ||
|---|---|---|---|
| 003 | OSt | ||
| 005 | 20221007122553.0 | ||
| 006 | a|||||r|||| 00| 0 | ||
| 007 | ta | ||
| 008 | 221006b |||||||| |||| 00| 0 eng d | ||
| 020 | _a0199571406 (pbk) | ||
| 024 | _a111105 | ||
| 037 |
_b3076, 05/08/2010, New India Book Agency _cTextbook |
||
| 040 |
_aPAPL _cPAPL _beng |
||
| 041 |
_2eng _aeng |
||
| 082 | _aC51:8N, P6 Carpa | ||
| 100 |
_aFox Mark _9601337 |
||
| 245 | 0 | _aQuantum optics:an introduction | |
| 260 |
_aOxford _bOxford University Press _c2006 |
||
| 300 |
_axvi, 378p. _ccm. |
||
| 490 | _aOxfod master series in atomic, optical, and laser physics | ||
| 500 | _aAppendices A-F, 321-351p.; Bibliography 360-368p.; Index 369-378p. | ||
| 650 |
_a Quantum optics _9713547 |
||
| 650 | _aPhysics | ||
| 942 |
_hC51:8N, P6 Carpa _cTB _2CC |
||
| 999 |
_c1210591 _d1210591 |
||